Determinanty finančnej štruktúry slovenských malých a stredných podnikov bakalárska práca

Guardado en:
Detalles Bibliográficos
Autor principal: Benková, Michaela
Autor Corporativo: Fakulta podnikového manažmentu EU. Katedra podnikových financií
Otros Autores: Kalusová, Lenka, 1987-
Formato: Libro
Lenguaje:eslovaco
Publicado: Bratislava 2016
Etiquetas: Agregar Etiqueta
Sin Etiquetas, Sea el primero en etiquetar este registro!

MARC

LEADER 00000nbm a2200000 4500
001 0218296
005 20170308103229.6
041 0 |a slo 
044 |a SK 
245 1 0 |a Determinanty finančnej štruktúry slovenských malých a stredných podnikov  |b bakalárska práca  |c Michaela Benková ; školiteľ: Lenka Kalusová 
264 1 |a Bratislava  |c 2016 
300 |a 58 s. 
100 1 |a Benková, Michaela 
700 1 |a Kalusová, Lenka, 1987- 
710 2 |a Fakulta podnikového manažmentu EU. Katedra podnikových financií